|
|
|
|
| LEADER |
01855nam a2200421 i 4500 |
| 001 |
EBC3002508 |
| 003 |
MiAaPQ |
| 005 |
20200520144314.0 |
| 006 |
m o d | |
| 007 |
cr cnu|||||||| |
| 008 |
140805t20142014wiuad o 001 0 eng d |
| 020 |
|
|
|z 9780873898584
|
| 020 |
|
|
|a 9780873898584
|q (electronic bk.)
|
| 035 |
|
|
|a (MiAaPQ)EBC3002508
|
| 035 |
|
|
|a (Au-PeEL)EBL3002508
|
| 035 |
|
|
|a (CaPaEBR)ebr10898775
|
| 035 |
|
|
|a (OCoLC)889314512
|
| 040 |
|
|
|a MiAaPQ
|b eng
|e rda
|e pn
|c MiAaPQ
|d MiAaPQ
|
| 050 |
|
4 |
|a TS156
|b .C53 2014
|
| 082 |
0 |
|
|a 658.562
|2 23
|
| 100 |
1 |
|
|a Cianfrani, Charles A.,
|e author.
|
| 245 |
1 |
0 |
|a ISO 9001:2008 explained and expanded :
|b making your Quality Management System sustainable /
|c Charles A. Cianfrani, John E. (Jack) West.
|
| 264 |
|
1 |
|a Milwaukee, Wisconsin :
|b ASQ Quality Press,
|c 2014.
|
| 264 |
|
4 |
|c 2014
|
| 300 |
|
|
|a 1 online resource (177 pages) :
|b illustrations, charts
|
| 336 |
|
|
|a text
|2 rdacontent
|
| 337 |
|
|
|a computer
|2 rdamedia
|
| 338 |
|
|
|a online resource
|2 rdacarrier
|
| 500 |
|
|
|a Includes index.
|
| 588 |
|
|
|a Description based on online resource; title from PDF title page (ebrary, viewed August 5, 2014).
|
| 590 |
|
|
|a Electronic reproduction. Ann Arbor, MI : ProQuest, 2015. Available via World Wide Web. Access may be limited to ProQuest affiliated libraries.
|
| 650 |
|
0 |
|a Quality control
|x Standards.
|
| 650 |
|
0 |
|a Quality control
|v Handbooks, manuals, etc.
|
| 655 |
|
4 |
|a Electronic books.
|
| 700 |
1 |
|
|a West, Jack,
|e author.
|
| 776 |
0 |
8 |
|i Print version:
|a Cianfrani, Charles A.
|t ISO 9001:2008 explained and expanded : making your Quality Management System sustainable.
|d Milwaukee, Wisconsin : ASQ Quality Press, c2014
|h xvi, 156 pages
|z 9780873898584
|
| 797 |
2 |
|
|a ProQuest (Firm)
|
| 856 |
4 |
0 |
|u https://ebookcentral.proquest.com/lib/matrademy/detail.action?docID=3002508
|z Click to View
|